[Event "Russian Championship G15 1st league 2016"]
[Site "Loo"]
[Date "2016.04.26"]
[Round "7.18"]
[White "Egorova, Valentina S"]
[Black "Tereschenko, Dariy"]
[Result "1/2-1/2"]
[WhiteElo "1487"]
[BlackElo "1312"]
[PlyCount "80"]
[EventDate "2016.04.20"]

1. e4 e6 2. d4 d5 3. exd5 exd5 4. Nf3 Bd6 5. Nc3 Nf6 6. Bd3 O-O 7. O-O Nc6 8.
h3 h6 9. Bd2 a6 10. Ne2 Nb4 11. Bxb4 Bxb4 12. c3 Bd6 13. Ng3 Re8 14. Nf5 Ne4
15. Nxd6 Qxd6 16. Qc2 c6 17. Rfe1 Nf6 18. Rxe8+ Nxe8 19. Ne5 Nf6 20. Re1 Be6
21. Qb3 b5 22. a4 Nd7 23. Nxd7 Bxd7 24. Ra1 Re8 25. axb5 axb5 26. Qc2 Qf4 27.
Qd1 Bf5 28. Bxf5 Qxf5 29. Qd2 Kf8 30. Kf1 Qe4 31. Re1 Qxe1+ 32. Qxe1 Rxe1+ 33.
Kxe1 g5 34. g4 Ke7 35. Ke2 Ke6 36. Ke3 f5 37. f4 Kf6 38. Kf3 Ke6 39. Ke3 Kf6
40. Kf3 Ke6 1/2-1/2

[Event "Russian Championship G15 1st league 2016"]
[Site "Loo"]
[Date "2016.04.26"]
[Round "7.20"]
[White "Khairullina, Gulshat"]
[Black "Voskresenskaya, Alevtina"]
[Result "1-0"]
[WhiteElo "1157"]
[BlackElo "1478"]
[PlyCount "85"]
[EventDate "2016.04.20"]

1. e4 e6 2. d4 d5 3. e5 c5 4. c3 Nc6 5. Nf3 Qb6 6. Na3 a6 7. Nc2 Bd7 8. b3 Nge7
9. Bd3 Qa7 10. O-O b5 11. b4 c4 12. Be2 Ng6 13. Nfe1 Be7 14. Kh1 O-O 15. f4 f5
16. Nf3 h6 17. Qe1 Kf7 18. a3 Rg8 19. Ng1 Bh4 20. g3 Be7 21. Bh5 Be8 22. Bxg6+
Kxg6 23. h3 Kh7 24. g4 Bg6 25. Ne3 fxg4 26. hxg4 Be4+ 27. Kh2 Raf8 28. Ne2 g5
29. Ng3 gxf4 30. Nxe4 dxe4 31. Ng2 f3 32. Qxe4+ Rg6 33. Nf4 Rxf4 34. Bxf4 Qd7
35. Rxf3 Kg7 36. Raf1 Rxg4 37. Bxh6+ Kxh6 38. Qxg4 Bg5 39. Rf6+ Bxf6 40. Rxf6+
Kh7 41. Qg6+ Kh8 42. Qh6+ Kg8 43. Rf8# 1-0

[Event "Russian Championship G15 1st league 2016"]
[Site "Loo"]
[Date "2016.04.26"]
[Round "7.21"]
[White "Sakharova, Veronika"]
[Black "Polomoshnova, Mariya"]
[Result "1-0"]
[WhiteElo "1612"]
[BlackElo "1481"]
[PlyCount "51"]
[EventDate "2016.04.20"]

1. e4 c6 2. d4 d5 3. e5 Bf5 4. Nf3 e6 5. Be2 c5 6. c3 Nc6 7. O-O Qb6 8. a4 c4
9. Nbd2 h6 10. b3 cxb3 11. Nxb3 Bh7 12. a5 Qc7 13. a6 b6 14. Bb5 Nge7 15. Nbd2
Ng6 16. c4 dxc4 17. Nxc4 O-O-O 18. Be3 Kb8 19. Rc1 Nb4 20. Nd6 Qe7 21. Qb3 Nd5
22. Rc6 Nc7 23. Rfc1 Rd7 24. Ba4 Ka8 25. Rxb6 Rd8 26. Bc6# 1-0

[Event "Russian Championship G15 1st league 2016"]
[Site "Loo"]
[Date "2016.04.26"]
[Round "7.22"]
[White "Surkova, Sofya"]
[Black "Muratova, Anastasiya"]
[Result "1-0"]
[WhiteElo "1574"]
[BlackElo "1327"]
[PlyCount "69"]
[EventDate "2016.04.20"]

1. e4 c5 2. Nc3 g6 3. f4 Bg7 4. Nf3 a6 5. a4 d6 6. Bc4 Nf6 7. d3 Nc6 8. O-O O-O
9. Qe1 e6 10. f5 exf5 11. Qh4 h5 12. Bg5 Be6 13. exf5 d5 14. fxe6 dxc4 15. e7
Qxe7 16. Nd5 Qd6 17. Nxf6+ Bxf6 18. Bxf6 cxd3 19. cxd3 Qxd3 20. Qg5 Qf5 21.
Qxf5 gxf5 22. Nh4 Rfe8 23. Rxf5 Re6 24. Raf1 Rae8 25. Rxh5 Rxf6 26. Rxf6 Nb4
27. Rg5+ Kf8 28. Rf1 c4 29. Ng6+ Kg7 30. Ne5+ Kh6 31. Nxf7+ Kh7 32. h3 Rg8 33.
Rh5+ Kg7 34. Ne5 b5 35. Rf7# 1-0

[Event "Russian Championship G15 1st league 2016"]
[Site "Loo"]
[Date "2016.04.26"]
[Round "7.23"]
[White "Terkina, Yulia"]
[Black "Usarova, Evita"]
[Result "0-1"]
[WhiteElo "1459"]
[BlackElo "1545"]
[PlyCount "92"]
[EventDate "2016.04.20"]

1. d4 d5 2. c4 e6 3. e3 Nf6 4. Nc3 c6 5. Nf3 Be7 6. Bd3 dxc4 7. Bxc4 b5 8. Bd3
a6 9. Bd2 O-O 10. Rc1 Nbd7 11. Ne4 Bb7 12. Nxf6+ Nxf6 13. O-O c5 14. Bb1 Bxf3
15. Qxf3 cxd4 16. exd4 Qxd4 17. Bc3 Qg4 18. Qb7 Nd5 19. h3 Qf4 20. Rfd1 Bc5 21.
Rf1 Bxf2+ 22. Kh1 Qg3 23. Bd2 Bb6 24. Be4 Ra7 25. Bxd5 Rxb7 26. Bxb7 Bc7 27.
Kg1 Qh2+ 28. Kf2 Bb6+ 29. Kf3 Qd6 30. Bf4 Qd3+ 31. Kg4 e5 32. Rfd1 Qg6+ 33. Kf3
exf4 34. Kxf4 Qf6+ 35. Kg3 g6 36. Rc6 Qe5+ 37. Kf3 Qe3+ 38. Kg4 Qe2+ 39. Kf4
Be3+ 40. Kg3 Qxd1 41. Rc3 Qe1+ 42. Kf3 Qf2+ 43. Ke4 Re8+ 44. Kd5 Qxg2+ 45. Kd6
Qxb7 46. a3 Re6# 0-1

[Event "Russian Championship G15 1st league 2016"]
[Site "Loo"]
[Date "2016.04.26"]
[Round "7.24"]
[White "Alekseenko, Aleksandra"]
[Black "Oglezneva, Polina"]
[Result "0-1"]
[WhiteElo "1542"]
[BlackElo "1380"]
[PlyCount "80"]
[EventDate "2016.04.20"]

1. e4 e5 2. Nf3 Nc6 3. Bb5 a6 4. Ba4 Nf6 5. O-O d6 6. d4 b5 7. Bb3 Bg4 8. h3
Bxf3 9. Qxf3 Nxd4 10. Qd3 Nxb3 11. cxb3 Be7 12. Nc3 O-O 13. f4 c6 14. Kh1 Nh5
15. f5 Qd7 16. Qf3 Nf6 17. g4 h6 18. h4 Nh7 19. Qg3 Qd8 20. h5 Bg5 21. Kg2 Re8
22. Rd1 Qc7 23. Bxg5 Nxg5 24. Rac1 Rad8 25. Qd3 Qb6 26. a3 Rd7 27. Rd2 Red8 28.
Rcd1 d5 29. exd5 cxd5 30. Qe2 Qb7 31. Kg3 f6 32. Kf2 d4 33. Nb1 Ne4+ 34. Ke1
Nxd2 35. Nxd2 Qh1+ 36. Nf1 d3 37. Qh2 Qe4+ 38. Kd2 Qe2+ 39. Qxe2 dxe2+ 40. Kxe2
Rxd1 0-1

[Event "Russian Championship G15 1st league 2016"]
[Site "Loo"]
[Date "2016.04.26"]
[Round "7.26"]
[White "Maltsevskaya, Anna"]
[Black "Malko, Polina"]
[Result "0-1"]
[WhiteElo "1326"]
[BlackElo "1506"]
[PlyCount "116"]
[EventDate "2016.04.20"]

1. e4 c6 2. Nc3 d5 3. d4 dxe4 4. Nxe4 Bf5 5. Nc3 Nf6 6. Bf4 e6 7. Nf3 Be7 8.
Bd3 Bxd3 9. Qxd3 O-O 10. O-O c5 11. Be5 Nc6 12. Bxf6 Bxf6 13. d5 Nb4 14. Qe4
exd5 15. Qe2 Re8 16. Qd2 d4 17. Ne2 Nxc2 18. Rac1 Rc8 19. Rfd1 Nb4 20. a3 Na6
21. b4 b6 22. Qd3 Nb8 23. Nf4 g6 24. Qc4 a6 25. Nd5 Bg7 26. Re1 b5 27. Rxe8+
Qxe8 28. Qc2 Qd8 29. Qe4 Bf8 30. Ne5 f5 31. Qf3 Bg7 32. Nd3 c4 33. Nc5 d3 34.
Re1 Nc6 35. Ne6 Qd6 36. Nec7 Ne5 37. Qe3 Rxc7 38. Nxc7 Qxc7 39. f4 Nd7 40. Qe8+
Nf8 41. Re7 Qb6+ 42. Kf1 Qf6 43. g4 d2 44. Ke2 d1=Q+ 45. Kxd1 Qd4+ 46. Ke1 Qd5
47. g5 c3 48. Rc7 Qd2+ 49. Kf1 Qxf4+ 50. Kg2 Qxc7 51. Qe2 c2 52. h4 c1=Q 53.
Qa2+ Q1c4 54. Qd2 Qe4+ 55. Kg1 Qg3+ 56. Kf1 Qgf3+ 57. Kg1 Qeg4+ 58. Kh2 Qfh3#
0-1

[Event "Russian Championship G15 1st league 2016"]
[Site "Loo"]
[Date "2016.04.26"]
[Round "7.30"]
[White "Shelezhonkova, Kseniya"]
[Black "Vlezko, Maria"]
[Result "1-0"]
[WhiteElo "1446"]
[BlackElo "1432"]
[PlyCount "41"]
[EventDate "2016.04.20"]

1. e4 e5 2. Nf3 Nc6 3. Bc4 Bc5 4. Nc3 Nf6 5. d3 h6 6. Be3 Bxe3 7. fxe3 O-O 8.
a3 a6 9. O-O d6 10. Qe1 Ne7 11. Qg3 c6 12. Nxe5 dxe5 13. Rxf6 Nf5 14. Rxf5 Bxf5
15. exf5 b5 16. Ba2 Qf6 17. Rf1 a5 18. Ne4 Qd8 19. f6 g6 20. Qxg6+ Kh8 21. Qg7#
1-0

[Event "Russian Championship G15 2016"]
[Site "Loo"]
[Date "2016.04.26"]
[Round "7.1"]
[White "Zotova, Anastasia"]
[Black "Vinokur, Yuliya"]
[Result "1/2-1/2"]
[WhiteElo "1934"]
[BlackElo "1963"]
[PlyCount "73"]
[EventDate "2016.04.20"]

1. e4 Nf6 2. e5 Nd5 3. d4 d6 4. Nf3 Bg4 5. Be2 e6 6. c4 Nb6 7. O-O Be7 8. h3
Bh5 9. Nc3 O-O 10. Be3 Nc6 11. exd6 cxd6 12. d5 exd5 13. cxd5 Bxf3 14. Bxf3 Ne5
15. Be4 Nbc4 16. Bd4 f5 17. Bb1 g6 18. Qe2 Bf6 19. Rd1 f4 20. Be4 Qd7 21. Bxe5
Nxe5 22. Bf3 Rac8 23. Rac1 a6 24. Ne4 Nxf3+ 25. Qxf3 Rxc1 26. Nxf6+ Rxf6 27.
Rxc1 Qf5 28. b3 Rf7 29. Re1 Kf8 30. Qc3 Qf6 31. Qb4 Kg7 32. Qd2 f3 33. Re6 Qa1+
34. Re1 Qf6 35. Re6 Qa1+ 36. Re1 Qf6 37. Re6 1/2-1/2

[Event "Russian Championship G15 2016"]
[Site "Loo"]
[Date "2016.04.26"]
[Round "7.2"]
[White "Maltsevskaya, Aleksandra"]
[Black "Miroshnik, Ekaterina"]
[Result "1-0"]
[WhiteElo "2146"]
[BlackElo "1896"]
[PlyCount "61"]
[EventDate "2016.04.20"]

1. c4 e6 2. g3 d5 3. Bg2 Nf6 4. Nf3 d4 5. Qa4+ c6 6. b4 Nbd7 7. Bb2 e5 8. c5
Be7 9. O-O O-O 10. e3 dxe3 11. dxe3 Qc7 12. Nbd2 Re8 13. Qb3 h6 14. Nc4 Bf8 15.
Rfd1 a5 16. a3 axb4 17. axb4 Rxa1 18. Bxa1 Qb8 19. Nh4 Qc7 20. Qa2 Nb8 21. Qb2
e4 22. Nd6 Bxd6 23. Rxd6 Rd8 24. Qd4 Rxd6 25. cxd6 Qd8 26. Bxe4 Ne8 27. Bf5 Be6
28. e4 Na6 29. Bxe6 fxe6 30. e5 Qd7 31. Ng6 1-0

[Event "Russian Championship G15 2016"]
[Site "Loo"]
[Date "2016.04.26"]
[Round "7.3"]
[White "Koroleva, Evgeniya"]
[Black "Budnikova, Varvara"]
[Result "1/2-1/2"]
[WhiteElo "1881"]
[BlackElo "1932"]
[PlyCount "153"]
[EventDate "2016.04.20"]

1. d4 d5 2. c4 dxc4 3. Nf3 Nf6 4. e3 a6 5. Bxc4 e6 6. O-O c5 7. Bb3 Nc6 8. Nc3
Qc7 9. Qe2 Be7 10. Rd1 O-O 11. Bc2 Rd8 12. Ne4 cxd4 13. exd4 Nb4 14. Nxf6+ Bxf6
15. Be4 Bd7 16. a3 Bb5 17. Qd2 Nd5 18. Bb1 Ba4 19. Re1 Rac8 20. g3 Bc2 21. Ba2
Ne7 22. b4 Qc3 23. Qxc3 Rxc3 24. Re3 Rcc8 25. Bb2 Nf5 26. Re2 Ba4 27. Rd2 Bc6
28. Ne1 Nxd4 29. Rad1 Ne2+ 30. Kf1 Rxd2 31. Rxd2 Nc3 32. Bxc3 Bxc3 33. Rc2 Bf6
34. Kg1 Rd8 35. Kf1 h6 36. Bb3 Bb5+ 37. Kg2 Bc6+ 38. Kf1 Be4 39. Re2 Bg6 40.
Kg2 Bh5 41. Re3 Rd2 42. Rd3 Rxd3 43. Nxd3 Bd4 44. f3 Bg6 45. Nf4 Bb1 46. Kf1 b5
47. Ke2 Bb2 48. a4 Bc3 49. Nd3 Bxd3+ 50. Kxd3 Bxb4 51. axb5 axb5 52. Kd4 Bd6
53. Ke4 Kf8 54. f4 g6 55. g4 Kg7 56. h3 f5+ 57. Ke3 Kf6 58. Kf3 e5 59. gxf5
gxf5 60. fxe5+ Kxe5 61. Ke3 f4+ 62. Kd3 Kf6 63. Ke4 Kg5 64. Be6 Kf6 65. Bb3 Ke7
66. Bd1 Kd7 67. Kd5 Kc7 68. Be2 b4 69. Kc4 Be7 70. Bd1 Kd6 71. Kxb4 Ke5+ 72.
Kc3 Ke4 73. Kd2 f3 74. Ke1 Kf4 75. Kf1 Kg3 76. Bxf3 Kxf3 77. Kg1 1/2-1/2

[Event "Russian Championship G15 2016"]
[Site "Loo"]
[Date "2016.04.26"]
[Round "7.4"]
[White "Bulatova, Kamaliya"]
[Black "Afanasieva, Alexandra"]
[Result "1-0"]
[WhiteElo "1893"]
[BlackElo "1901"]
[PlyCount "101"]
[EventDate "2016.04.20"]

1. d4 Nf6 2. Bf4 d5 3. e3 c5 4. c3 Nc6 5. Nd2 Bf5 6. Ngf3 e6 7. Ne5 Nxe5 8.
Bxe5 a6 9. Nf3 cxd4 10. exd4 Be7 11. Bd3 Bg6 12. O-O O-O 13. Re1 Rc8 14. a4 Qb6
15. Bxg6 hxg6 16. Qe2 Qb3 17. Reb1 Ne4 18. Bf4 Rc4 19. a5 Ra4 20. Ne5 Rxa1 21.
Rxa1 g5 22. Bc1 Nd6 23. Ra3 Qb5 24. c4 Nxc4 25. Rh3 Nxe5 26. Qh5 Nf3+ 27. gxf3
f5 28. Bxg5 Bxg5 29. Qxg5 Qd7 30. Rh5 Rc8 31. Qh4 Kf7 32. Rh7 Rg8 33. Rh5 Qe7
34. Qg3 Rc8 35. Rg5 Qf6 36. Qh4 Rg8 37. Qh5+ g6 38. Qh7+ Rg7 39. Qh4 Qe7 40.
Qf4 Rh7 41. Qg3 Rh6 42. Kh1 Qf6 43. Qc7+ Qe7 44. Qf4 Rh3 45. Rg1 Rh4 46. Qg3
Rh6 47. Rc1 Qh4 48. Rc7+ Kg8 49. Rc8+ Kf7 50. Qd6 Rh8 51. Rc7+ 1-0

[Event "Russian Championship G15 2016"]
[Site "Loo"]
[Date "2016.04.26"]
[Round "7.5"]
[White "Voskresenskaya, Marta"]
[Black "Goltseva, Ekaterina"]
[Result "1/2-1/2"]
[WhiteElo "1751"]
[BlackElo "2137"]
[PlyCount "113"]
[EventDate "2016.04.20"]

1. d4 Nf6 2. c4 e6 3. Nf3 d5 4. cxd5 exd5 5. Bg5 c6 6. Qc2 Be7 7. Nc3 g6 8. e3
Bf5 9. Bd3 Bxd3 10. Qxd3 Nbd7 11. h3 O-O 12. O-O Re8 13. Bf4 Nh5 14. Bh2 Ng7
15. a3 a5 16. Rac1 Bf8 17. Qc2 Nf5 18. Qb3 Nb6 19. Na4 Nxa4 20. Qxa4 Bd6 21.
Bxd6 Nxd6 22. Ne5 f6 23. Nd3 Nc4 24. Rfe1 b5 25. Qc2 a4 26. Nc5 Ra7 27. Qc3
Rae7 28. Qc2 Kg7 29. Re2 Qd6 30. Rce1 Kf7 31. Kh1 f5 32. g3 Qf6 33. h4 g5 34.
hxg5 Qxg5 35. Nd3 Re4 36. Nf4 h5 37. Rg1 Qg4 38. Rg2 h4 39. gxh4 Qf3 40. Kg1
Rg8 41. Rxg8 Kxg8 42. Re1 Qg4+ 43. Kf1 Re7 44. h5 Qf3 45. Qc3 Rg7 46. Qb4 Rf7
47. Ng6 Qxh5 48. Ne5 Rg7 49. Nxc4 dxc4 50. Qd6 Qf3 51. Qd8+ Kh7 52. Qh4+ Kg8
53. Qd8+ Kf7 54. Qc7+ Kg8 55. Qd8+ Kh7 56. Qh4+ Kg8 57. Qd8+ 1/2-1/2

[Event "Russian Championship G15 2016"]
[Site "Loo"]
[Date "2016.04.26"]
[Round "7.6"]
[White "Filippova, Darya"]
[Black "Kurkova, Sofia"]
[Result "1-0"]
[WhiteElo "1976"]
[BlackElo "1700"]
[PlyCount "65"]
[EventDate "2016.04.20"]

1. d4 d5 2. Nf3 Nf6 3. c4 dxc4 4. e3 e6 5. Bxc4 c5 6. Qe2 a6 7. O-O Be7 8. Rd1
Qc7 9. Nc3 O-O 10. a4 b6 11. e4 Bb7 12. d5 exd5 13. exd5 Bd6 14. Bg5 Nbd7 15.
Qd3 Ng4 16. h3 Nge5 17. Nxe5 Nxe5 18. Qf1 Nxc4 19. Qxc4 Rfe8 20. Re1 Re5 21.
Rxe5 Bxe5 22. Re1 h6 23. Be3 Rd8 24. Qg4 Kh8 25. Qh4 Kg8 26. Bxh6 Bxc3 27. Bf4
Qd7 28. bxc3 Qxd5 29. f3 f6 30. Re7 Kf8 31. Rxb7 Qxb7 32. Qh8+ Ke7 33. Qxg7+
1-0

[Event "Russian Championship G15 2016"]
[Site "Loo"]
[Date "2016.04.26"]
[Round "7.7"]
[White "Zaitseva, Lyudmila"]
[Black "Fonyak, Marina"]
[Result "1/2-1/2"]
[WhiteElo "1750"]
[BlackElo "1852"]
[PlyCount "135"]
[EventDate "2016.04.20"]

1. e4 c5 2. Nf3 Nc6 3. Bb5 d6 4. d4 cxd4 5. Qxd4 Qa5+ 6. Nc3 Qxb5 7. Nxb5 Nxd4
8. Nfxd4 Kd7 9. Be3 Nf6 10. f3 g6 11. O-O-O Bg7 12. e5 Nd5 13. Bf2 Bxe5 14.
Rhe1 a6 15. Nb3 e6 16. c4 axb5 17. cxd5 exd5 18. Rxd5 Kc6 19. Rd2 Rxa2 20. Rc2+
Kd7 21. Nc5+ Ke8 22. Kb1 Bf5 23. Ne4 Ra6 24. g4 Bxe4 25. Rxe4 Kd7 26. Bh4 Rha8
27. Rd2 Ra1+ 28. Kc2 Kc6 29. f4 f5 30. gxf5 gxf5 31. Rb4 Kc5 32. Kb3 Bh8 33.
Be7 R8a6 34. Rc2+ Kb6 35. Bxd6 Ka7 36. Bc5+ Kb8 37. Rxb5 Rc6 38. Bb6 Ra6 39.
Ba5 Rxc2 40. Kxc2 Rc6+ 41. Kb3 Ka7 42. Rxf5 Rh6 43. Bc7 b6 44. Rf7 Ka6 45. f5
Rh3+ 46. Kc2 Rh6 47. Bf4 Rh4 48. Bg3 Rh6 49. Rd7 Kb5 50. Rd3 Rh5 51. Rf3 Bf6
52. b3 Kc6 53. Kd3 Kd5 54. Bc7 Kc6 55. Bb8 Kd5 56. Bg3 b5 57. b4 h6 58. h4 Kc6
59. Ke4 Bxh4 60. Bxh4 Rxh4+ 61. Ke5 Kd7 62. Rd3+ Ke8 63. f6 Rxb4 64. Rh3 Rb1
65. Rxh6 Re1+ 66. Kd5 Kf7 67. Kc5 Re5+ 68. Kb4 1/2-1/2

[Event "Russian Championship G15 2016"]
[Site "Loo"]
[Date "2016.04.26"]
[Round "7.8"]
[White "Pankova, Julia"]
[Black "Getman, Tatyana"]
[Result "1/2-1/2"]
[WhiteElo "1861"]
[BlackElo "1732"]
[PlyCount "108"]
[EventDate "2016.04.20"]

1. e4 e6 2. d4 d5 3. Nc3 Nf6 4. e5 Nfd7 5. f4 c5 6. Nf3 Nc6 7. Be3 c4 8. Be2 a6
9. a4 Bb4 10. O-O Nf8 11. Qe1 Ng6 12. Qf2 Nge7 13. Bd2 Bd7 14. Nd1 Bxd2 15.
Nxd2 b5 16. Ne3 O-O 17. h4 Nf5 18. Nxf5 exf5 19. h5 Ne7 20. axb5 axb5 21. Rxa8
Qxa8 22. Qg3 h6 23. Qh3 Nc6 24. c3 Qa7 25. Kh1 Qa5 26. Qe3 Ra8 27. g4 Qd8 28.
Qg3 fxg4 29. Bxg4 f5 30. Bf3 Be6 31. Rg1 Qe7 32. Nf1 Ra1 33. Ne3 Rxg1+ 34. Kxg1
Qd7 35. Qe1 Ne7 36. Qa1 Nc6 37. Qa6 Kh7 38. Kf2 g5 39. hxg6+ Kxg6 40. Qa1 b4
41. Qh1 bxc3 42. bxc3 Ne7 43. Qh4 Ng8 44. Qh3 Ne7 45. Nf1 Qb7 46. Be2 Qb2 47.
Qh5+ Kg7 48. Qe8 Ng6 49. Ng3 Nxf4 50. Qe7+ Kg8 51. Qe8+ Kg7 52. Qe7+ Kg8 53.
Qe8+ Kg7 54. Qe7+ Kg8 1/2-1/2

[Event "Russian Championship G15 2016"]
[Site "Loo"]
[Date "2016.04.26"]
[Round "7.9"]
[White "Popova, Irina"]
[Black "Smagina, Sofya"]
[Result "1/2-1/2"]
[WhiteElo "1856"]
[BlackElo "1800"]
[PlyCount "186"]
[EventDate "2016.04.20"]

1. c4 Nf6 2. Nc3 d5 3. cxd5 Nxd5 4. e4 Nxc3 5. bxc3 g6 6. h4 h5 7. Nf3 Bg7 8.
Ng5 e6 9. Be2 f6 10. Nf3 O-O 11. d4 c6 12. Bf4 c5 13. O-O cxd4 14. cxd4 Nc6 15.
d5 exd5 16. exd5 Ne5 17. d6 Kh8 18. Qd5 Bd7 19. Nxe5 fxe5 20. Bxe5 Bc6 21.
Bxg7+ Kxg7 22. Qd4+ Qf6 23. Rad1 Rad8 24. Bc4 Qxd4 25. Rxd4 Rf6 26. Rfd1 b5 27.
Bf1 a6 28. g3 Bd7 29. Bg2 Rdf8 30. R1d2 Rc8 31. Re4 Rd8 32. Re7+ Rf7 33. Bb7
Bc8 34. Bxc8 Rxc8 35. Re3 Rd7 36. Kg2 Rcd8 37. Red3 Kf6 38. Kf3 Ke6 39. Kf4 Kf6
40. f3 b4 41. Rd5 Ke6 42. Re5+ Kf6 43. Rd4 Rxd6 44. Rxb4 Rd4+ 45. Re4 Rxb4 46.
Rxb4 Rd6 47. Ra4 Rb6 48. Ke4 Rd6 49. a3 Ke6 50. Ra5 Kf6 51. Rd5 Rb6 52. Rd3
Re6+ 53. Kd5 Re5+ 54. Kc6 Ra5 55. Kb7 Kf5 56. Kb6 Ra4 57. Rd5+ Kf6 58. Ra5 Rd4
59. Kxa6 Rd3 60. a4 Rxf3 61. Rg5 Ra3 62. a5 Rb3 63. g4 hxg4 64. Rxg4 Rb1 65.
Ka7 Kf5 66. Rg5+ Kf6 67. Rc5 Rb4 68. h5 gxh5 69. Rxh5 Ke6 70. Rc5 Kd6 71. Rc8
Kd7 72. Rb8 Ra4 73. a6 Kc7 74. Rb2 Rc4 75. Rb7+ Kc8 76. Rh7 Rb4 77. Rh5 Rb1 78.
Rc5+ Kd7 79. Ka8 Rb2 80. Rh5 Rb6 81. Rh7+ Kc8 82. Ka7 Rb1 83. Rb7 Ra1 84. Rb5
Rc1 85. Kb6 Kb8 86. a7+ Ka8 87. Ra5 Rc8 88. Rd5 Rh8 89. Rd6 Rg8 90. Ka6 Rh8 91.
Rb6 Rg8 92. Rb8+ Rxb8 93. axb8=Q+ Kxb8 1/2-1/2

[Event "Russian Championship G15 2016"]
[Site "Loo"]
[Date "2016.04.26"]
[Round "7.10"]
[White "Uskova, Taisiya"]
[Black "Kvachko, Anastasiya"]
[Result "1-0"]
[WhiteElo "1811"]
[BlackElo "1831"]
[PlyCount "99"]
[EventDate "2016.04.20"]

1. e4 e6 2. d4 d5 3. Nd2 a6 4. Ngf3 c5 5. exd5 exd5 6. Be2 Nf6 7. O-O Be7 8.
dxc5 Bxc5 9. Nb3 Bb6 10. Nfd4 O-O 11. c3 Bd7 12. Bf3 Nc6 13. Bg5 Be6 14. Re1
Re8 15. Qd2 h6 16. Bh4 Nb8 17. Bxf6 Qxf6 18. Bxd5 Nc6 19. Bxe6 fxe6 20. Nxc6
bxc6 21. Nd4 e5 22. Nf3 Rad8 23. Qc2 c5 24. Rad1 Rb8 25. Qd3 Kh8 26. Qc4 Re7
27. Re4 Ba7 28. b3 Rbe8 29. Rde1 Re6 30. h3 Qe7 31. Rxe5 Rxe5 32. Rxe5 Qd8 33.
Rxe8+ Qxe8 34. Qxa6 Bb8 35. Qb6 Qf8 36. a4 Qf4 37. Qd8+ Kh7 38. Qd2 Qf5 39. Ne1
Qe5 40. Qd3+ Kh8 41. Nf3 Qf4 42. Qe3 Qd6 43. Qd2 Qc7 44. b4 cxb4 45. cxb4 Kh7
46. a5 Qc4 47. g3 Qe4 48. Kg2 Qb7 49. Qd3+ Kh8 50. b5 1-0

[Event "Russian Championship G15 2016"]
[Site "Loo"]
[Date "2016.04.26"]
[Round "7.11"]
[White "Shakhmatova, Kseniya"]
[Black "Stroganova, Karina"]
[Result "1-0"]
[WhiteElo "1828"]
[BlackElo "1704"]
[PlyCount "67"]
[EventDate "2016.04.20"]

1. c4 f5 2. Nc3 Nf6 3. g3 g6 4. Bg2 Bg7 5. d4 O-O 6. Nf3 d6 7. O-O Nc6 8. Qc2
a6 9. Rd1 Qe8 10. Nd5 Qd8 11. Nxf6+ Bxf6 12. Bh6 Re8 13. Rac1 e6 14. h4 Rb8 15.
e3 b6 16. Ng5 Ne7 17. Qb3 f4 18. Ne4 Bg7 19. Bxg7 Kxg7 20. exf4 Bb7 21. Ng5 Nf5
22. d5 exd5 23. cxd5 Bc8 24. Qc3+ Kg8 25. Qxc7 Qxc7 26. Rxc7 h6 27. Ne4 Kf8 28.
Rdc1 Bb7 29. Nf6 Nd4 30. Kh2 Ne2 31. Nxe8 Nxc1 32. Nxd6 Bxd5 33. Bxd5 Rd8 34.
Rf7+ 1-0

[Event "Russian Championship G15 2016"]
[Site "Loo"]
[Date "2016.04.26"]
[Round "7.12"]
[White "Buchina, Polina"]
[Black "Serditykh, Olesya"]
[Result "1-0"]
[WhiteElo "1711"]
[BlackElo "1844"]
[PlyCount "135"]
[EventDate "2016.04.20"]

1. d4 d5 2. c4 c6 3. Nc3 Nf6 4. e3 a6 5. a4 Bg4 6. Nf3 e6 7. Be2 Bd6 8. c5 Bc7
9. b4 b6 10. cxb6 Bxb6 11. Ba3 Bc7 12. Qc2 Bd6 13. O-O O-O 14. Rfc1 Qe7 15. Qb2
Nbd7 16. Na2 Bxf3 17. Bxf3 Rfc8 18. Rc3 Nb6 19. Qc2 Nc4 20. Rb1 a5 21. Qc1 Rab8
22. Rcb3 Nxa3 23. Qxa3 Rb7 24. Qb2 Rcb8 25. b5 cxb5 26. Rxb5 Rxb5 27. axb5 Qd7
28. Be2 h6 29. Qc3 a4 30. Qa5 a3 31. Nb4 Bxb4 32. Rxb4 Qc8 33. Qxa3 Qc2 34. Rb2
Qc1+ 35. Bf1 Ne4 36. Qb4 Ra8 37. Rb1 Qc2 38. Qb2 Qxb2 39. Rxb2 Rb8 40. b6 Kf8
41. b7 Nd6 42. Ba6 Ke7 43. Kf1 Kd7 44. Ke2 Kc7 45. Kd3 Nxb7 46. Rxb7+ Rxb7 47.
Bxb7 Kxb7 48. Kc3 Kc7 49. Kb4 Kb6 50. g4 g6 51. f3 f6 52. f4 h5 53. g5 fxg5 54.
fxg5 Kc6 55. Ka5 Kd6 56. h4 e5 57. Kb6 exd4 58. exd4 Ke6 59. Kc5 Kf5 60. Kxd5
Kg4 61. Ke5 Kxh4 62. d5 Kxg5 63. d6 Kg4 64. d7 h4 65. d8=Q h3 66. Qd1+ Kg3 67.
Qg1+ Kf3 68. Kf6 1-0

[Event "Russian Championship G15 2016"]
[Site "Loo"]
[Date "2016.04.26"]
[Round "7.13"]
[White "Urvacheva, Arina"]
[Black "Usacheva, Glafira"]
[Result "0-1"]
[WhiteElo "1750"]
[BlackElo "1808"]
[PlyCount "94"]
[EventDate "2016.04.20"]

1. d4 d5 2. Nf3 Nf6 3. e3 Bf5 4. c4 c6 5. Nc3 e6 6. Be2 h6 7. O-O Nbd7 8. a3 a5
9. Bd2 Be7 10. Nh4 Bh7 11. f4 Ne4 12. Nf3 O-O 13. Nxe4 dxe4 14. Ne1 c5 15. Nc2
cxd4 16. exd4 Bf6 17. Bc3 Nb6 18. b3 Qc7 19. Qd2 a4 20. Ne3 axb3 21. Qb2 Na4
22. Qxb3 Nxc3 23. Qxc3 Qd6 24. Nc2 Rfd8 25. Rab1 Bxd4+ 26. Nxd4 Qxd4+ 27. Qxd4
Rxd4 28. Rxb7 Rd2 29. Kf2 Bg6 30. g4 Rxa3 31. h4 e3+ 32. Kf3 Rxe2 33. f5 Rf2+
34. Rxf2 exf2+ 35. Kxf2 exf5 36. h5 fxg4 37. hxg6 fxg6 38. c5 Rc3 39. Rc7 h5
40. c6 h4 41. Rc8+ Kh7 42. c7 Rc2+ 43. Kf1 h3 44. Ke1 h2 45. Kd1 Rxc7 46. Rxc7
h1=Q+ 47. Kd2 Qh2+ 0-1

[Event "Russian Championship G15 2016"]
[Site "Loo"]
[Date "2016.04.26"]
[Round "7.14"]
[White "Sargsyan, Anna"]
[Black "Titievskaya, Elizaveta"]
[Result "0-1"]
[WhiteElo "1783"]
[BlackElo "1725"]
[PlyCount "94"]
[EventDate "2016.04.20"]

1. c4 e5 2. Nc3 Nf6 3. e4 Nc6 4. g3 Bc5 5. Bg2 O-O 6. Nge2 Ng4 7. O-O d6 8. h3
Nf6 9. Kh2 Be6 10. d3 Nd7 11. f4 f6 12. f5 Bf7 13. a3 a5 14. g4 Nd4 15. Nxd4
Bxd4 16. Ne2 Bb6 17. b3 c6 18. d4 Qe7 19. Be3 a4 20. Kh1 exd4 21. Bxd4 axb3 22.
Qxb3 Bxd4 23. Nxd4 Ne5 24. Rac1 b5 25. Qg3 Bxc4 26. Rfd1 Ra6 27. Rc3 Re8 28. h4
c5 29. Nf3 Be2 30. Re1 Bxf3 31. Bxf3 Nxf3 32. Qxf3 d5 33. e5 fxe5 34. Qxd5+ Kh8
35. g5 Ra4 36. Re4 Rd8 37. Qc6 Rxe4 38. Qxe4 Qd6 39. Re3 Re8 40. Rd3 Qc7 41.
Qd5 e4 42. Re3 Qf4 43. Rh3 e3 44. Qc6 Rd8 45. Qf3 Qxf3+ 46. Rxf3 e2 47. Re3
Rd1+ 0-1

[Event "Russian Championship G15 2016"]
[Site "Loo"]
[Date "2016.04.26"]
[Round "7.15"]
[White "Alferova, Polina"]
[Black "Levicheva, Ekaterina"]
[Result "0-1"]
[WhiteElo "1698"]
[BlackElo "1766"]
[PlyCount "90"]
[EventDate "2016.04.20"]

1. e4 c5 2. Nf3 d6 3. d4 cxd4 4. Nxd4 Nf6 5. Nc3 a6 6. Be2 e5 7. Nf3 Be7 8. O-O
O-O 9. Bg5 h6 10. Bxf6 Bxf6 11. Nd5 Nd7 12. Re1 Nb6 13. c4 Nxd5 14. cxd5 Qb6
15. Qb3 Qxb3 16. axb3 Bd7 17. Rac1 Rac8 18. Rc3 Bd8 19. Rxc8 Bxc8 20. Rc1 Ba5
21. Rc4 Bd7 22. Kf1 f5 23. b4 b5 24. Rc1 Bxb4 25. Rc7 Rc8 26. Rxc8+ Bxc8 27.
Bd3 f4 28. h3 g5 29. Ne1 Bxe1 30. Kxe1 Bd7 31. f3 a5 32. Kd2 Kf7 33. Kc3 Kg6
34. Kd2 Kh5 35. Ke2 Kh4 36. Kf2 a4 37. Bc2 b4 38. Bb1 a3 39. bxa3 bxa3 40. Ba2
Ba4 41. Bc4 Bc2 42. Ba2 Bd3 43. Bb3 Bb1 44. Bc4 a2 45. Bxa2 Bxa2 0-1

[Event "Russian Championship G15 2016"]
[Site "Loo"]
[Date "2016.04.26"]
[Round "7.16"]
[White "Garmash, Aliona"]
[Black "Shevchuk, Margarita"]
[Result "1-0"]
[WhiteElo "1763"]
[BlackElo "1636"]
[PlyCount "61"]
[EventDate "2016.04.20"]

1. d4 d5 2. Nf3 e6 3. Bf4 Bd6 4. Bg3 Nf6 5. e3 O-O 6. Bd3 c6 7. c3 Re8 8. Ne5
Nbd7 9. Nxf7 Kxf7 10. Bxd6 e5 11. O-O e4 12. Be2 b5 13. Bg3 Nb6 14. Nd2 Nc4 15.
b3 Nd6 16. c4 bxc4 17. bxc4 Nf5 18. Bf4 a5 19. Qa4 Bd7 20. c5 Ne7 21. h3 Bc8
22. Rab1 Ba6 23. Bxa6 Rxa6 24. Rb7 Qa8 25. Rfb1 h6 26. Bd6 Nfg8 27. f3 exf3 28.
Nxf3 Kf6 29. Ne5 Ra7 30. Rb8 Rxb8 31. Rxb8 1-0